Juventus F.C. - Skład 2019/20 - Statystyki

Ogólne statystyki
  • Ten quiz został rozwiązany 744 razy
  • Średni wynik to 17 z 27
Statystyki odpowiedzi
Nr Poz. Piłkarz % Poprawnych
1 BR Wojciech Szczęsny
99%
7 NA Cristiano Ronaldo
96%
3 OB Giorgio Chiellini
94%
19 OB Leonardo Bonucci
93%
10 NA Paulo Dybala
93%
77 BR Gianluigi Buffon
90%
12 OB Alex Sandro
80%
22 BR Mattia Perin
76%
21 NA Gonzalo Higuaín
71%
16 NA Juan Cuadrado
67%
4 OB Matthijs de Ligt
66%
13 OB Danilo
62%
5 PO Miralem Pjanić
61%
11 NA Douglas Costa
60%
14 PO Blaise Matuidi
56%
24 OB Daniele Rugani
54%
25 PO Adrien Rabiot
53%
23 PO Emre Can
53%
6 PO Sami Khedira
53%
17 NA Mario Mandžukić
52%
33 NA Federico Bernardeschi
51%
8 PO Aaron Ramsey
48%
2 OB Mattia De Sciglio
48%
30 PO Rodrigo Bentancur
38%
28 OB Merih Demiral
32%
31 BR Carlo Pinsoglio
29%
15 NA Marko Pjaca
14%
Nie znaleziono quizów pasujących do podanych kryteriów
Rozkład punktacji
Procent ludzi z każdym wynikiem
Percentyl według liczby udzielonych odpowiedzi
Twoja historia wyników
Nie rozwiązałeś tego quizu